INFOR
Enregistré dans:
| Format: | Publication en série |
|---|---|
| Langue: | anglais |
| Publié: |
Ottawa
University of Toronto Press
1991
|
| Sujets: | |
| Tags: |
Pas de tags, Soyez le premier à ajouter un tag!
|
MARC
| LEADER | 00000nas2a2200000 4500 | ||
|---|---|---|---|
| 001 | s016642 | ||
| 005 | 20240109094139.7 | ||
| 022 | |a 0315-5986 | ||
| 041 | 0 | |a eng | |
| 044 | |a CA | ||
| 245 | 1 | 0 | |a INFOR |
| 264 | 1 | |a Ottawa |b University of Toronto Press |c 1991 | |
| 300 | |a 1 zv. | ||
| 773 | 0 | |w eu_un_cat*s120766 | |
| 610 | 2 | 0 | |a výskum operačný |
| 610 | 2 | 0 | |a systémy informačné |